Ariana Grande - Yours Truly - Statistics

General Stats
  • This quiz has been taken 44 times
  • The average score is 7 of 12
Answer Stats
2013 Yours Truly % Correct
1 Honeymoon Avenue
94%
2 Baby I
88%
6 Piano
75%
7 Daydreamin'
56%
10 Almost Is Never Enough (feat. Nathan Sykes)
50%
12 Better Left Unsaid
50%
11 Popular Song (feat. MIKA)
50%
3 Right There (feat. Big Sean)
50%
4 Tattooed Heart
50%
8 The Way (feat. Mac Miller)
50%
5 Lovin' It
38%
9 You'll Never Know
38%
No matching quizzes found
Score Distribution
Percent of People with Each Score
Percentile by Number Answered
Your Score History
You have not taken this quiz